Регионална библиотека "Любен Каравелов" - Русе

Икономическа география на България (Запис номер 461246)

MARC детайли
000 -Лидер
Контролно поле с фиксирана дължина 01637nam a2200301 a 4500
003 - Код на организацията, давaща контролен номер
Контролно поле BLK
005 - Дата и час на последна редакция
Контролно поле 20250127093554.0
008 - Елементи от данни с фиксирана дължина
fixed length control field 220412b bul|||||r ||||||| ||bul||
040 ## - Източник на каталожния запис
Идентификатор на билиотеката - собственик на записа BLK
041 ## - Код за език
Код за езика на текст/звукозапис или на отделно заглавие Български
Код за езика КДБФ Български
080 ## - УДК
Текстов определител УДК География на България
УДК код - определител по УДК 913(497.2)
УДК определител (075.3)
УДК - код + определител 913(497.2)(075.3)
100 1# - Редна дума - Автор
Автор Пенков, Игнат Игнатов
Авторска отговорност първи автор
R(LIN) 412506
139 ## - Редно поле
Редна дума Пенков, Игнат Игнатов и др.
245 10 - Сведения за заглавието
Заглавие Икономическа география на България
Подзаглавни данни Учебник за Х кл. на общообраз. трудово-политехн. у-ща
Редно поле (дума) И. Пенков, М. Гловня, Т. Христов.
250 ## - Област на изданието
Сведения за изданието 8. стер. изд.
257 ## - Страна на издаване
Страна на създаване/издаване България
260 ## - Област на издателските данни
Място на издаване, разпространение и проч. София
Име на издателя, разпространителя и проч. Нар. просвета
Година на издаване 1969
300 ## - Физическа характеристика
Страници 148 с.
Илюстрации и др. с ил.
Размери/Мащаб 22 см
380 ## - Жанр
Жанр География
500 ## - Общи забележки
Забележка 1. изд. 1962.<br/>40 063 тир.<br/>Вторият дял "Икономическа география на Съветския съюз" от 6. изд. се отделя в самостоятелен учебник за X кл. с автор Марта Д. Паскова и излиза в 6.-8. изд.
650 #7 - Допълнително описание по предмет – тема
Основно описание – тема или топоним Икономическа география - България
Източник на редна или ключова дума
9 (RLIN) 156891
653 #7 - Ключова дума – ненормативна
Ключова дума учебници за средни училища
9 (RLIN) 199112
700 1# - Други автори (авторска отговорност)
Лично име Гловня, Мартин Франсоа
Дати, свързани с автора 1919-1966
Друга информация Географ
Автороска отговорност (Описва отношението между автора и произведението) съавт.
9 (RLIN) 54430
700 ## - Други автори (авторска отговорност)
Лично име Христов, Тодор Димитров
9 (RLIN) 347490
Автороска отговорност (Описва отношението между автора и произведението) съавт.
852 ## - Местоположение
Форматна сигнатура Цб 45830
Фондова буква Хранилище
999 ## - СИСТЕМНИ КОНТРОЛНИ НОМЕРА
Koha biblionumber 461246
Koha biblioitemnumber 461246
942 ## - АРТИКУЛИ
Вид на библиотечния материал Книги
Скрит в OPAC Не
Източник на класификационната схема Universal Decimal Classification
Периодичен библиозапис Да
944 ## - СЪЗДАВАНЕ И РЕДАКЦИЯ на ЗАПИСА
Създаване/Редакция Създаване
Дата на регистрацията/редакция 2022-06-15
Служител, извършил регистрацията/редакцията 30560
Статус, дата на статуса Геновева Генчева
Наличности
Код за отписване Код за изгубен артикул Източник на класификационната схема Код за повреда Коз за рестрикции Код за отдаване Артикулен № Име на библиотеката - собственик Име на библиотеката, в която се намира в момента Статус (Текущо местоположение) Дата на вписване в системата Местоположение - отдел Цена в лева Инвентарен номер Систематично азбучна сигнатура Баркод Цена в евро Служебен тип на артикула
  Не е изгубен Universal Decimal Classification Не е повреден само за читалня ползва се в читалня 890644 Регионална библиотека "Любен Каравелов" Русе Регионална библиотека "Любен Каравелов" Русе Хранилище 2022-06-20 Хранилище 0.37 17807/68 Цб 45830 900000101702 0.19 Книги
Vip Innovations Ltd, Rousse, Bulgaria 2025